Sports Quiz

Random Sports or Soccer Quiz

Top MLS Salaries 2018 Quiz Stats

 Plays Quiz not verified by Sporcle

Also try: MLB Managers
Challenge
Share
Tweet
Embed
Score 0/25 Timer 15:00
0 Plays Today
Team Player % Correct
Toronto FCSebastian Giovinco
97.4%
LAFCCarlos Vela
91.4%
LA GalaxyGiovani dos Santos
91.4%
Toronto FCMichael Bradley
89.7%
Chicago FireBastian Schweinsteiger
88.8%
Toronto FCJozy Altidore
87.1%
Colorado RapidsTim Howard
85.3%
NYCFCDavid Villa
80.2%
Montreal ImpactIgnacio Piatti
79.3%
Seattle SoundersNicolas Lodeiro
75.6%
Real Salt LakeYura Movsisyan
69%
Portland TimbersDiego Valeri
68.1%
Philadlephia UnionBorek Dockal
65.5%
Team Player % Correct
Seattle SoundersClint Dempsey
65.5%
Minnesota UnitedDarwin Quintero
60%
New York Red BullsBradley Wright-Phillips
56%
NYCFCMaxi Moralez
55.2%
Portland TimbersFanendo Adi
54.3%
Atlanta UnitedMiguel Almiron
52.6%
Sporting Kansas CityFelipe Gutierrez
50.9%
Chicago FireNemanja Nikolic
48.3%
Colorado RapidsShkelzen Gashi
47.4%
Toronto FCVictor Vazquez
47.4%
LA GalaxyRomain Alessandrini
46.6%
LA GalaxyJonathan dos Santos
43.1%

You're not logged in!

Compare scores with friends on all Sporcle quizzes.
Join for Free
OR
Log In

You Might Also Like...

Show Comments

Extras

Top Quizzes Today


Score Distribution

Your Account Isn't Verified!

In order to create a playlist on Sporcle, you need to verify the email address you used during registration. Go to your Sporcle Settings to finish the process.

Report this User

Report this user for behavior that violates our Community Guidelines.

Details: